00945nam a22002297a 4500003000400000005001700004008004100021020001500062040002900077050002400106100002400130245008500154260005300239300003000292650008100322650004900403650004100452650003300493942001500526952015700541999001700698OSt20260609122304.0260609b |||||||| |||| 00| 0 eng d a0872071995 cChuka University Library aLB 4806.4b.B3 1999 aBarone Diane927902 aResilient Children: Stories of Poverty, Drug Exposure, and Literacy Development aChicagobInternational Reading Associationc1999 axiii, 241PbIllustrations aChildren and Prenatal Substance Abuse-Education(primary)-Case Studies927903 aPoor Children- Education-Case Studies927904 aReading(primary)-Case Studies927905 aLiteracy-Case Studies927906 2lcccBKn0 00102lcc40708LGLaCHKbCHKcGENd2026-06-09eDonations from Books for Africal0oLC 4806.4 .B3 1999p33489/2026r2026-06-09 12:26:04w2026-06-09yBK c23636d23636